Autour de la nouvelle déclaration universelle des droits de l'homme (Record no. 18201)

MARC details
000 -LEADER
campo de control de longitud fija 00627nam a2200181 i 4500
001 - NÚMERO DE CONTROL
campo de control 18201
003 - IDENTIFICADOR DE NÚMERO DE CONTROL
campo de control ES-MaACL
005 - FECHA Y HORA DE LA ÚLTIMA TRANSACCIÓN
campo de control 20230906151759.0
007 - CAMPO FIJO DE DESCRIPCIÓN FÍSICA--INFORMACIÓN GENERAL
campo de control de longitud fija t|
008 - DATOS DE LONGITUD FIJA--INFORMACIÓN GENERAL
campo de control de longitud fija 011008s1949 fr |||| | fre d
080 ## - NÚMERO DE LA CLASIFICACIÓN DECIMAL UNIVERSAL
Número de la Clasificación Decimal Universal 342.7(082.2)
245 00 - MENCIÓN DEL TÍTULO
Título Autour de la nouvelle déclaration universelle des droits de l'homme
Resto del título : textes réunis par l'U.N.E.S.C.O.
260 ## - PUBLICACIÓN, DISTRIBUCIÓN, ETC.
Lugar de publicación, distribución, etc. [S.l.] :
Nombre del editor, distribuidor, etc. Sagittaire,
Fecha de publicación, distribución, etc. [1949]
300 ## - DESCRIPCIÓN FÍSICA
Extensión 236 p. ;
Dimensiones 23 cm.
610 24 - PUNTO DE ACCESO ADICIONAL DE MATERIA--NOMBRE DE ENTIDAD CORPORATIVA
Nombre de entidad corporativa o nombre de jurisdicción como elemento de entrada Naciones Unidas.
Unidad subordinada Asamblea General.
Título de la obra Declaración universal de los derechos humanos.
9 (RLIN) 5958
710 2# - ENTRADA AGREGADA--NOMBRE DE ENTIDAD CORPORATIVA
Nombre de entidad corporativa o nombre de jurisdicción como elemento de entrada Unesco.
9 (RLIN) 6999
852 ## - LOCALIZACIÓN
Ubicación ES-MaACL
Número de control de estantería AND-115
Nota libre . - Biblioteca Juan Andrade
Holdings
Estatus retirado Estado de pérdida Estado de daño No para préstamo Biblioteca de origen Biblioteca actual Ubicación en estantería Fecha de adquisición Fuente de adquisición Total de préstamos Signatura topográfica completa Código de barras Visto por última vez Precio de reemplazo Tipo de ítem Koha
        Biblioteca del Ateneo de Madrid Biblioteca del Ateneo de Madrid Depósito 2 17/01/2008     AND-115 1018610 23/02/2023 23/02/2023 Libro impreso